Guide to dissection

Bibliographic Details
Main Author: Rowett, H. G. Q. (Author)
Format: Book
Published: London : John Murray , 1962
Subjects:

MARC

LEADER 00000cam a2200000 7i4500
001 0000003546
005 20021118093000.0
008 021118n
020 |a 0719533163 
090 0 0 |a QL812   |b .R6 
100 0 |a Rowett, H. G. Q. ,   |e author 
245 0 0 |a Guide to dissection   |c H. G. Q. Rowett 
260 2 |a London :   |b John Murray ,   |c 1962 
300 |a 251 p. ; ;   |c 25 cm. 
650 0 |a Anatomy, Comparative   |x Laboratory manuals 
650 0 |a Dissection 
999 |a 1000032691   |b Book   |c OPEN SHELF (30 DAYS)   |e Tembila Campus